Myologie de la main - Statistiques

Statistiques générales
  • Ce quiz a été pris 8 fois
  • Le résultat moyen est 3 sur 11
Statistiques - réponses
Par images Réponse % Correct
adducteur du pouce
67%
Interosseux dorsaux
67%
Interosseux palmaires
67%
Lombricaux
50%
Abducteur du petit doigt
17%
Court palmaire
17%
opposant du pouce
17%
Court abducteur du pouce
0%
Court fléchisseur du petit doigt
0%
court fléchisseur du pouce
0%
Opossant du petit doigt
0%
Aucun quiz correspondant
Distribution des résultats
% des personnes avec chaque résultat
Percentile par nombre de réponses
Votre historique - résultats
Vous n’avez pas pris ce quiz